Αντίο, παλακίδα μου

Αποθηκεύτηκε σε:
Λεπτομέρειες βιβλιογραφικής εγγραφής
Κύριος συγγραφέας: Li, Pi-hua
Άλλοι συγγραφείς: Αντωνόπουλος, Λεωνίδας Γ. (Μεταφραστής)
Μορφή: Βιβλίο
Γλώσσα:Greek
Chinese
Δημοσίευση: Αθήνα : "Το κλειδί" - Λιβάνη, 1993.
Σειρά:Κινηματογράφος (Κλειδί)
Θέματα:
Ετικέτες: Προσθήκη ετικέτας
Δεν υπάρχουν, Καταχωρήστε ετικέτα πρώτοι!

MARC

LEADER 00000cam a2200000 i 4500
001 1/28190
008 060412s1993 gr | ||| |||| ||gre||
020 |a 9602370785  
035 |l 10083592 
040 |a GR-MyUA  |b gre  |e AACR2 
041 1 |a gre  |h chi 
082 0 |a 895.13  |2 (22) 
100 1 |a Li, Pi-hua. 
245 1 0 |a Αντίο, παλακίδα μου /   |c Lilian Lee ; μετάφραση απο τα αγγλικά Λεωνίδας Γ. Αντωνόπουλος ; μεταφραστική επιμέλεια Πόπη Κοντού.  
260 |a Αθήνα :   |b "Το κλειδί" - Λιβάνη,   |c 1993.  
300 |a 271 σ. ;   |c 21 εκ.  
490 1 |a (Κινηματογράφος) 
500 |a Τίτλος πρωτοτύπου: Farewell to my concubine.  
650 0 0 |a Gay men  |x Fiction. 
650 0 0 |a Operas, Chinese  |x Fiction. 
650 0 0 |a Love stories. 
651 0 |a China  |x Fiction. 
700 1 |a Αντωνόπουλος, Λεωνίδας Γ.  |e trl 
830 0 |a Κινηματογράφος (Κλειδί) 
852 |a INST  |b SAMOS  |e 20060412  |h 895.13 LIP  |p 005300026075  |q 005300026075  |t BK  |y 4  |x 20230322 
901 |a BIBL3-2006-1 
909 |a Σ  |b 124874 
970 |a ΚΟΣΙΕΡΗΣ  |b ΧΡΗΣΤΟΣ  |z 2006/04/12